[Event "XXIII Festival A"]
[Site "Porto San Giorgio ITA"]
[Date "2011.08.23"]
[Round "3"]
[White "Ottaviani, Gianluca"]
[Black "Vincenzi, Marco"]
[Result "1/2-1/2"]
[WhiteElo "1949"]
[BlackElo "2108"]
[PlyCount "82"]
[EventDate "2011.08.21"]

1. e4 e5 2. Nf3 Nc6 3. Bb5 a6 4. Bxc6 dxc6 5. O-O Bg4 6. h3 Bh5 7. d3 Bd6 8.
Nbd2 Ne7 9. Nc4 f6 10. Be3 O-O 11. g4 Bf7 12. Nh4 Qd7 13. Qf3 Rad8 14. Kh1 Bxc4
15. dxc4 b6 16. Rad1 Qe6 17. b3 Bb4 18. Rxd8 Rxd8 19. Rd1 Rd7 20. Kh2 b5 21.
cxb5 cxb5 22. Rg1 Ng6 23. Nf5 Bd2 24. g5 Bxe3 25. Nxe3 Nf4 26. gxf6 Qxf6 27.
Ng4 Qe6 28. Qg3 Ne2 29. Qxe5 Qxe5+ 30. Nxe5 Re7 31. Rg5 Nd4 32. Kg3 h6 33. Rh5
g6 34. Rxh6 Rxe5 35. Rxg6+ Kf7 36. Rxa6 Rxe4 37. c3 Ne6 38. a4 b4 39. Rc6 Ke7
40. cxb4 Rxb4 41. Rc3 Kd6 1/2-1/2

[Event "XXIII Festival A"]
[Site "Porto San Giorgio ITA"]
[Date "2011.08.23"]
[Round "3"]
[White "Paduano, Gennaro"]
[Black "Trent, Alan M."]
[Result "1-0"]
[WhiteElo "1859"]
[BlackElo "1800"]
[PlyCount "39"]
[EventDate "2011.08.21"]

1. e4 g6 2. d4 c6 3. Nf3 d5 4. Nc3 Bg4 5. Be2 dxe4 6. Nxe4 Nh6 7. h3 Bxf3 8.
Bxf3 Nf5 9. c3 Bg7 10. Qb3 Qc7 11. g3 e5 12. dxe5 Bxe5 13. Bg5 Nd7 14. O-O-O h6
15. Rxd7 Qxd7 16. Bf6 Qd3 17. Bxe5 O-O-O 18. Nc5 Qd2+ 19. Kb1 b6 20. Qxf7 1-0

[Event "XXIII Festival A"]
[Site "Porto San Giorgio ITA"]
[Date "2011.08.23"]
[Round "3"]
[White "Paganini, Andrea"]
[Black "Barnabei, Stefano"]
[Result "1-0"]
[WhiteElo "1852"]
[BlackElo "1759"]
[PlyCount "27"]
[EventDate "2011.08.21"]

1. e4 c5 2. Nf3 g6 3. d4 cxd4 4. c3 dxc3 5. Nxc3 Bg7 6. Bc4 Nc6 7. e5 a6 8. O-O
h5 9. Qe2 Nh6 10. Rd1 Qa5 11. Bd2 O-O 12. Nd5 Qd8 13. Be3 e6 14. Bb6 1-0

[Event "XXIII Festival A"]
[Site "Porto San Giorgio ITA"]
[Date "2011.08.23"]
[Round "3"]
[White "Panada, Valter"]
[Black "Plances, Giuseppe"]
[Result "1-0"]
[WhiteElo "1902"]
[BlackElo "1734"]
[PlyCount "67"]
[EventDate "2011.08.21"]

1. e4 d5 2. exd5 Nf6 3. c4 c6 4. Nc3 cxd5 5. cxd5 g6 6. Bb5+ Bd7 7. Qa4 a6 8.
Bxd7+ Qxd7 9. Qb3 Bg7 10. Nf3 O-O 11. O-O Qc7 12. d4 Nbd7 13. Bg5 Qd6 14. Rfe1
b5 15. Ne5 Nb6 16. Nc6 Rfe8 17. Bxf6 exf6 18. g3 f5 19. f4 Nc4 20. Ne5 Qb6 21.
Rad1 Bxe5 22. fxe5 Rxe5 23. Rxe5 Nxe5 24. Na4 Qb7 25. Nc5 Nf3+ 26. Qxf3 Rd8 27.
Kg2 Rd6 28. Re1 Qb6 29. Re7 b4 30. Nb7 Rf6 31. Qe3 b3 32. Qh6 Re6 33. dxe6 Qc6+
34. Kh3 1-0

[Event "XXIII Festival A"]
[Site "Porto San Giorgio ITA"]
[Date "2011.08.23"]
[Round "3"]
[White "Papa, Angelo"]
[Black "Villani, Cristian"]
[Result "0-1"]
[WhiteElo "1848"]
[BlackElo "2056"]
[PlyCount "32"]
[EventDate "2011.08.21"]

1. d4 d5 2. c4 c6 3. cxd5 cxd5 4. Nf3 Nf6 5. Nc3 Nc6 6. Bf4 Qb6 7. a3 Bg4 8. e3
e6 9. Be2 Be7 10. O-O Nh5 11. Bg3 Nxg3 12. hxg3 O-O 13. b4 Rfc8 14. Qb3 Na5 15.
Na4 Nxb3 16. Nxb6 axb6 0-1

[Event "XXIII Festival A"]
[Site "Porto San Giorgio ITA"]
[Date "2011.08.23"]
[Round "3"]
[White "Pascucci, Marco"]
[Black "Viaggi, Stefano"]
[Result "1-0"]
[WhiteElo "2091"]
[BlackElo "2010"]
[PlyCount "109"]
[EventDate "2011.08.21"]

1. Nf3 g6 2. g3 Bg7 3. Bg2 d5 4. O-O Nc6 5. d3 h5 6. Nbd2 Bg4 7. h3 Bxf3 8.
Nxf3 e5 9. Rb1 Qd6 10. b4 Nf6 11. b5 Ne7 12. Bd2 Nh7 13. Bb4 Qd7 14. c4 dxc4
15. dxc4 Qxd1 16. Rfxd1 e4 17. Nd4 Rd8 18. e3 Nf6 19. Nb3 Nf5 20. Nc5 Nd6 21.
Rbc1 O-O 22. Rxd6 Rxd6 23. Nxe4 Nxe4 24. Bxe4 b6 25. Bxd6 cxd6 26. Rd1 Rd8 27.
Rd3 Bf8 28. Bc6 Rc8 29. Kg2 Kg7 30. Kf3 Kf6 31. Rd4 Rc7 32. h4 Kg7 33. Rd3 Kf6
34. Bd5 Re7 35. Ke2 Rc7 36. Kd2 Ke7 37. Kc2 Bg7 38. a4 Bf6 39. f4 Bg7 40. Kb3
Bf8 41. a5 bxa5 42. Bc6 Kf6 43. e4 Ke6 44. Ka4 Be7 45. Kxa5 Bd8 46. Ka6 Re7 47.
c5 Bc7 48. f5+ gxf5 49. exf5+ Kxf5 50. cxd6 Bxd6 51. Rxd6 Kg4 52. Rd7 Re3 53.
Rxa7 Ra3+ 54. Kb6 Rxg3 55. Rxf7 1-0

[Event "XXIII Festival A"]
[Site "Porto San Giorgio ITA"]
[Date "2011.08.23"]
[Round "3"]
[White "Pepe, Mario"]
[Black "Caldarola, Stefano"]
[Result "1/2-1/2"]
[WhiteElo "1999"]
[BlackElo "1809"]
[PlyCount "90"]
[EventDate "2011.08.21"]

1. e4 d5 2. exd5 Qxd5 3. Nf3 Nf6 4. Nc3 Qd6 5. d4 c6 6. Ne5 Nbd7 7. Nc4 Qc7 8.
Bd3 Nb6 9. Ne3 g6 10. b3 Bg7 11. Bb2 Be6 12. O-O Nh5 13. Ne2 Nf4 14. Nxf4 Qxf4
15. g3 Qd6 16. Be4 Bh3 17. Re1 O-O 18. c4 Qc7 19. Qe2 e6 20. Rac1 Qe7 21. c5
Nd5 22. Bxd5 exd5 23. Qf3 Qf6 24. Qxf6 Bxf6 25. b4 a6 26. a4 h5 27. Rb1 Rfe8
28. Bc3 Kf8 29. b5 axb5 30. axb5 Rab8 31. Red1 Bg5 32. bxc6 bxc6 33. Rb6 Rbc8
34. Nc2 Bd8 35. Ra6 Bg4 36. Rda1 Be2 37. Ra7 Bf6 38. Nb4 Rc7 39. Ra8 Rcc8 40.
R8a7 Re7 41. Ra8 Ree8 42. Rxc8 Rxc8 43. Ra7 Bb5 44. Rb7 Ba4 45. Kg2 Re8 1/2-1/2

[Event "XXIII Festival A"]
[Site "Porto San Giorgio ITA"]
[Date "2011.08.23"]
[Round "3"]
[White "Perogio, Lorenzo"]
[Black "Carletti, Davide M."]
[Result "0-1"]
[WhiteElo "1883"]
[BlackElo "1726"]
[PlyCount "88"]
[EventDate "2011.08.21"]

1. f4 d5 2. Nf3 e6 3. d3 Ne7 4. g3 g6 5. Bg2 h5 6. Nh4 Nf5 7. Nxf5 exf5 8. h4
Be6 9. Nd2 Nd7 10. Nf3 Nf6 11. Ne5 Ng4 12. Nxg4 hxg4 13. O-O Be7 14. Qe1 c6 15.
Be3 d4 16. Bf2 Qd7 17. e4 O-O-O 18. a3 Rde8 19. b4 fxe4 20. Bxe4 f5 21. Bg2 Bd5
22. Qd2 Bxg2 23. Kxg2 Qd5+ 24. Kg1 Ref8 25. Rfe1 Bf6 26. Re2 g5 27. Rae1 gxf4
28. gxf4 Bxh4 29. Bxh4 Rxh4 30. Rh2 Rfh8 31. Rxh4 Rxh4 32. Qg2 Qd6 33. Re5 g3
34. Rxf5 Rxf4 35. Rxf4 Qxf4 36. Qh3+ Kc7 37. Qf1 Qxf1+ 38. Kxf1 Kb6 39. Kg2 c5
40. Kxg3 cxb4 41. axb4 Kb5 42. Kf4 Kxb4 43. Ke5 Kc3 44. Kd5 a5 0-1

[Event "XXIII Festival A"]
[Site "Porto San Giorgio ITA"]
[Date "2011.08.23"]
[Round "3"]
[White "Peron, Davide"]
[Black "Di Muccio, Lindoro"]
[Result "1/2-1/2"]
[WhiteElo "1850"]
[BlackElo "1964"]
[PlyCount "83"]
[EventDate "2011.08.21"]

1. e4 c5 2. Nf3 d6 3. Bb5+ Nd7 4. O-O a6 5. Be2 Ngf6 6. d3 e6 7. a4 b6 8. Re1
Be7 9. Nc3 O-O 10. Bd2 Bb7 11. Bf1 Qc7 12. h3 Rfe8 13. Bg5 e5 14. Nh4 h6 15.
Bxf6 Nxf6 16. Nf5 Bf8 17. Ne3 Rad8 18. Ncd5 Nxd5 19. Nxd5 Bxd5 20. exd5 f5 21.
c4 Qf7 22. Be2 Be7 23. Bh5 g6 24. Bf3 Rf8 25. g3 Rde8 26. Qe2 Bf6 27. Kg2 Bg7
28. Qc2 Qf6 29. Re2 f4 30. g4 Qh4 31. Re4 Qd8 32. b3 Rf7 33. Rb1 b5 34. axb5
axb5 35. b4 bxc4 36. bxc5 cxd3 37. Qxd3 dxc5 38. Rc1 Qd6 39. Rec4 Rc8 40. Qc2
Rfc7 41. Be4 Kf7 42. f3 1/2-1/2

[Event "XXIII Festival A"]
[Site "Porto San Giorgio ITA"]
[Date "2011.08.23"]
[Round "3"]
[White "Pienabarca, Nicola"]
[Black "Luzi, Alessandro"]
[Result "1-0"]
[WhiteElo "2110"]
[BlackElo "1920"]
[PlyCount "121"]
[EventDate "2011.08.21"]

1. d4 Nf6 2. Nf3 g6 3. g3 Bg7 4. c4 d6 5. Bg2 O-O 6. O-O Nbd7 7. Nc3 c5 8. d5
a6 9. a4 Qc7 10. h3 Ne8 11. Bf4 Nb6 12. Nd2 e5 13. dxe6 fxe6 14. Rb1 Bd7 15. a5
Nc8 16. Ra1 Ne7 17. Nde4 Nc8 18. Qd2 Bc6 19. Na4 e5 20. Bg5 Nf6 21. Bxf6 Bxf6
22. Nac3 Bg7 23. Nd5 Bxd5 24. Qxd5+ Kh8 25. Ng5 Ne7 26. Qxb7 Qxb7 27. Bxb7 Ra7
28. Be4 Bh6 29. h4 Bxg5 30. hxg5 Rb8 31. Rab1 Rb4 32. b3 Kg7 33. Rfd1 Rd7 34.
Rd3 d5 35. Bxd5 Nxd5 36. cxd5 Rd4 37. b4 Rxd3 38. exd3 cxb4 39. Rxb4 Rxd5 40.
Rb7+ Kg8 41. Kg2 Rxa5 42. Kf3 e4+ 43. dxe4 Rxg5 44. Kf4 Ra5 45. Ra7 Ra2 46. f3
a5 47. Kg5 Ra3 48. f4 Rxg3+ 49. Kf6 h5 50. Rxa5 h4 51. Ra2 h3 52. Rh2 Kf8 53.
e5 Rf3 54. Kg5 Kf7 55. Kg4 Rf1 56. Rxh3 Rg1+ 57. Rg3 Rh1 58. Kf3 Rh5 59. Ke4
Rf5 60. Rg5 Rxg5 61. fxg5 1-0

[Event "XXIII Festival A"]
[Site "Porto San Giorgio ITA"]
[Date "2011.08.23"]
[Round "3"]
[White "Piro, Valerio"]
[Black "De Nisi, Giuseppe"]
[Result "1/2-1/2"]
[WhiteElo "2008"]
[BlackElo "1818"]
[PlyCount "40"]
[EventDate "2011.08.21"]

1. e4 e6 2. d4 d5 3. e5 c5 4. c3 Nc6 5. Nf3 Qb6 6. Be2 Bd7 7. O-O cxd4 8. cxd4
Nge7 9. Nc3 Nf5 10. Na4 Qa5 11. Be3 Ncxd4 12. Bxd4 Nxd4 13. Qxd4 Qxa4 14. Rfc1
Qxd4 15. Nxd4 Kd8 16. a3 a6 17. Rc3 Rc8 18. Rac1 Rxc3 19. Rxc3 f6 20. f4 Be7
1/2-1/2

[Event "XXIII Festival A"]
[Site "Porto San Giorgio ITA"]
[Date "2011.08.23"]
[Round "3"]
[White "Piva, Giorgio"]
[Black "Rago, Riccardo"]
[Result "0-1"]
[WhiteElo "2204"]
[BlackElo "2065"]
[PlyCount "32"]
[EventDate "2011.08.21"]

1. d4 e6 2. Bf4 d5 3. e3 c6 4. Nd2 Nf6 5. Ngf3 Nbd7 6. Bd3 Be7 7. h3 b6 8. O-O
Bb7 9. Ne5 O-O 10. Qf3 Nxe5 11. dxe5 Ne8 12. Qh5 f5 13. g4 g6 14. Qh6 Rf7 15.
gxf5 exf5 16. Bg3 Bg5 0-1

[Event "XXIII Festival A"]
[Site "Porto San Giorgio ITA"]
[Date "2011.08.23"]
[Round "3"]
[White "Proietti, Tosca"]
[Black "Splendiani, Francesco"]
[Result "1/2-1/2"]
[WhiteElo "1821"]
[BlackElo "2000"]
[PlyCount "37"]
[EventDate "2011.08.21"]

1. e4 c6 2. d4 d5 3. Nc3 g6 4. Be3 Bg7 5. f3 dxe4 6. Nxe4 Nf6 7. Nxf6+ Bxf6 8.
Bc4 b5 9. Bb3 c5 10. c3 cxd4 11. Bxd4 Bxd4 12. Qxd4 Qxd4 13. cxd4 Bb7 14. Ne2
O-O 15. O-O e6 16. Nc3 a6 17. Rfd1 Kg7 18. d5 exd5 19. Nxd5 1/2-1/2

[Event "XXIII Festival A"]
[Site "Porto San Giorgio ITA"]
[Date "2011.08.23"]
[Round "3"]
[White "Ragonese, Lucio Rosario"]
[Black "Ramundi, Lorenzo"]
[Result "1-0"]
[WhiteElo "1969"]
[BlackElo "1617"]
[PlyCount "89"]
[EventDate "2011.08.21"]

1. d4 c5 2. Nf3 e6 3. c3 Nf6 4. Bg5 d5 5. e3 Nbd7 6. Nbd2 Be7 7. Bd3 O-O 8. Ne5
h6 9. Bf4 Qb6 10. Rb1 Re8 11. g4 Nxe5 12. dxe5 Nd7 13. h4 Qd8 14. g5 hxg5 15.
hxg5 g6 16. Qg4 Kg7 17. Ke2 Rh8 18. Nf3 c4 19. Bc2 Nc5 20. Qg2 Bd7 21. Rh6 Qb6
22. Nh4 Bc6 23. Qh3 Qd8 24. Nxg6 fxg6 25. Bxg6 Qg8 26. Rh1 d4 27. Rh7+ Kxg6 28.
Qh5+ Kf5 29. Rf7+ Qxf7 30. Qxf7+ Ke4 31. f3+ Kd5 32. e4+ Nxe4 33. fxe4+ Kxe4
34. Rxh8 d3+ 35. Kd2 Rxh8 36. Qxe7 Rh3 37. Qf6 Rf3 38. g6 Rf2+ 39. Ke1 d2+ 40.
Bxd2 Rxf6 41. exf6 Kd3 42. f7 Kc2 43. f8=Q Kxb2 44. Qb4+ Kc2 45. Bc1 1-0

[Event "XXIII Festival A"]
[Site "Porto San Giorgio ITA"]
[Date "2011.08.23"]
[Round "3"]
[White "Ripa', Daniele"]
[Black "Scalcione, Michelangelo"]
[Result "0-1"]
[WhiteElo "1966"]
[BlackElo "2337"]
[PlyCount "36"]
[EventDate "2011.08.21"]

1. e4 d6 2. d4 Nf6 3. Nc3 c6 4. Bf4 Qa5 5. Qd2 e5 6. Bg5 Be7 7. f4 h6 8. Bh4
Nxe4 9. Nxe4 Bxh4+ 10. g3 Qxd2+ 11. Kxd2 Be7 12. dxe5 dxe5 13. fxe5 O-O 14. Re1
Be6 15. a3 Nd7 16. Nc3 Bg5+ 17. Kd1 Rad8 18. Ke2 Nxe5 0-1

[Event "XXIII Festival A"]
[Site "Porto San Giorgio ITA"]
[Date "2011.08.23"]
[Round "3"]
[White "Sagripanti, Michele"]
[Black "Vesce, Emanuele"]
[Result "1/2-1/2"]
[WhiteElo "1990"]
[BlackElo "1865"]
[PlyCount "20"]
[EventDate "2011.08.21"]

1. Nf3 Nf6 2. g3 g6 3. Bg2 Bg7 4. O-O O-O 5. d3 d6 6. c3 c6 7. e4 e5 8. Qb3 Qc7
9. h3 Nbd7 10. Be3 h6 1/2-1/2

[Event "XXIII Festival A"]
[Site "Porto San Giorgio ITA"]
[Date "2011.08.23"]
[Round "3"]
[White "Salami, Marco"]
[Black "Burani, Eugenio"]
[Result "1-0"]
[WhiteElo "2166"]
[BlackElo "1943"]
[PlyCount "97"]
[EventDate "2011.08.21"]

1. d4 Nf6 2. c4 c5 3. d5 e6 4. Nc3 exd5 5. cxd5 d6 6. e4 g6 7. f4 Bg7 8. Bb5+
Nfd7 9. Be2 a6 10. a4 O-O 11. Nf3 Nf6 12. O-O Re8 13. e5 dxe5 14. fxe5 Ng4 15.
e6 fxe6 16. h3 Ne5 17. Ng5 exd5 18. Qxd5+ Kh8 19. Bf4 Nbc6 20. Rad1 Qe7 21.
Rde1 Bf5 22. g4 Rad8 23. Qg2 Be6 24. Nxe6 Qxe6 25. Ne4 Nd4 26. Bg5 Nxe2+ 27.
Rxe2 b6 28. Bxd8 Rxd8 29. Ng5 Qd5 30. Qxd5 Rxd5 31. Nf7+ Kg8 32. Nxe5 Bxe5 33.
Kg2 Kg7 34. g5 h6 35. Rfe1 Bd6 36. gxh6+ Kxh6 37. Re4 g5 38. Re6+ Kg7 39. R1e2
b5 40. axb5 axb5 41. Kf3 Bf4 42. Kg4 Rd3 43. Re7+ Kf8 44. Re8+ Kf7 45. R2e4 Kf6
46. R4e6+ Kf7 47. R8e7+ Kf8 48. Kf5 Bd6 49. Rd7 1-0

[Event "XXIII Festival A"]
[Site "Porto San Giorgio ITA"]
[Date "2011.08.23"]
[Round "3"]
[White "Sbraccia, Giovanni"]
[Black "Saptarshi, Roy"]
[Result "1/2-1/2"]
[WhiteElo "2017"]
[BlackElo "2385"]
[PlyCount "59"]
[EventDate "2011.08.21"]

1. d4 d5 2. Nf3 Nc6 3. g3 Bg4 4. Bg2 f6 5. Nc3 e5 6. dxe5 d4 7. Ne4 fxe5 8. O-O
Be7 9. Qd3 Nf6 10. Nxf6+ Bxf6 11. Nd2 Qd7 12. Ne4 Be7 13. a3 Bh3 14. Bg5 Bxg2
15. Kxg2 O-O-O 16. b4 Qd5 17. Kg1 Bxg5 18. Nxg5 e4 19. Nxe4 Ne5 20. c4 Qc6 21.
b5 Qg6 22. Qb1 d3 23. exd3 Nxd3 24. Nc3 Rd4 25. Nd5 Re8 26. Nb4 Re2 27. Nxd3
Rxd3 28. Ra2 Rxg3+ 29. hxg3 Qxb1 30. Rxe2 1/2-1/2

[Event "XXIII Festival A"]
[Site "Porto San Giorgio ITA"]
[Date "2011.08.23"]
[Round "3"]
[White "Scipioni, Gaetano"]
[Black "Teutsch, Alexander"]
[Result "1/2-1/2"]
[WhiteElo "2063"]
[BlackElo "1896"]
[PlyCount "35"]
[EventDate "2011.08.21"]

1. d4 c5 2. c3 Nf6 3. Nf3 g6 4. Bf4 Bg7 5. e3 O-O 6. Be2 d6 7. h3 b6 8. O-O Bb7
9. Nbd2 Nbd7 10. Qb3 Rb8 11. Rad1 b5 12. Qc2 Qb6 13. a4 a6 14. Bh2 Rfc8 15.
Rfe1 Bc6 16. axb5 axb5 17. Bf1 Ra8 18. Ra1 1/2-1/2

[Event "XXIII Festival A"]
[Site "Porto San Giorgio ITA"]
[Date "2011.08.23"]
[Round "3"]
[White "Spano' Cuomo, Gaetano"]
[Black "Zinnai, Graziano Matteo"]
[Result "0-1"]
[WhiteElo "1805"]
[BlackElo "1882"]
[PlyCount "80"]
[EventDate "2011.08.21"]

1. c4 c6 2. Nc3 d5 3. e3 Nf6 4. d4 e6 5. Nf3 Nbd7 6. Be2 dxc4 7. Bxc4 b5 8. Bd3
a6 9. O-O c5 10. b3 Bb7 11. Bb2 Be7 12. Rc1 O-O 13. Qe2 Rc8 14. Rfd1 Qb6 15.
Bb1 Rfd8 16. e4 cxd4 17. Nxd4 Bc5 18. Nc2 Ne5 19. b4 Be7 20. Rxd8+ Rxd8 21. Rd1
Nc4 22. Rxd8+ Qxd8 23. Bc1 Ne5 24. f3 Nd3 25. Qd2 Qb6+ 26. Kf1 Nxb4 27. Ba3 Nc6
28. Bxe7 Nxe7 29. Qd3 Qc7 30. e5 Nfd5 31. Nxd5 Bxd5 32. Ne3 g6 33. f4 Qc1+ 34.
Kf2 Qh1 35. h3 Qh2 36. Nxd5 Nxd5 37. a4 Qxf4+ 38. Kg1 Qxa4 39. Kh1 Qc4 40. Qd1
Qc3 0-1

[Event "XXIII Festival A"]
[Site "Porto San Giorgio ITA"]
[Date "2011.08.23"]
[Round "3"]
[White "Stella, Andrea"]
[Black "Mandolini, Riccardo"]
[Result "1/2-1/2"]
[WhiteElo "2412"]
[BlackElo "2119"]
[PlyCount "86"]
[EventDate "2011.08.21"]

1. d4 d5 2. c4 c6 3. Nf3 Nf6 4. e3 a6 5. Bd3 g6 6. Nbd2 Bg7 7. b4 dxc4 8. Nxc4
Bf5 9. O-O Nbd7 10. Bxf5 gxf5 11. Qc2 Ne4 12. Bb2 O-O 13. Nfd2 Nxd2 14. Qxd2
Nb6 15. Nxb6 Qxb6 16. a4 Rfd8 17. Qc2 Rd5 18. Bc3 Qc7 19. Rac1 Qd6 20. Qe2 Rd8
21. Qf3 Qh6 22. Bb2 e6 23. Rc5 Qg5 24. Rfc1 Bf8 25. Rxd5 Rxd5 26. Bc3 Bd6 27.
Qh3 Qe7 28. Rb1 Qf6 29. f4 Be7 30. Qf3 Qg6 31. Qe2 Bf6 32. Rf1 Kh8 33. Rf3 Qg4
34. Rf2 Qxe2 35. Rxe2 b5 36. Ra2 Rd6 37. Kf2 Kg8 38. Kf3 h5 39. Be1 Kg7 40. Bf2
Be7 41. Be1 Kf8 42. a5 Ke8 43. h3 Rd5 1/2-1/2

[Event "XXIII Festival A"]
[Site "Porto San Giorgio ITA"]
[Date "2011.08.23"]
[Round "3"]
[White "Stella, Luca"]
[Black "Gensabella, Paolo"]
[Result "1-0"]
[WhiteElo "2090"]
[BlackElo "1906"]
[PlyCount "121"]
[EventDate "2011.08.21"]

1. e4 d5 2. exd5 Qxd5 3. Nc3 Qa5 4. d4 Nf6 5. Bc4 c6 6. Bd2 Qc7 7. Nf3 e6 8.
Qe2 Be7 9. O-O O-O 10. Ne4 b5 11. Bd3 Nbd7 12. Ne5 Nxe5 13. dxe5 Nxe4 14. Qxe4
g6 15. Rae1 Bb7 16. Qe3 Rfe8 17. Qh6 Bf8 18. Qh4 Bg7 19. Bf4 Qe7 20. Bg5 Qf8
21. Re3 h6 22. Rh3 a6 23. Be4 Rab8 24. Rd1 c5 25. Bxb7 Rxb7 26. Bxh6 Bxh6 27.
Qxh6 Qxh6 28. Rxh6 Kg7 29. Rh3 c4 30. Rd6 Ra8 31. Ra3 a5 32. f4 Rbb8 33. Kf2
Kf8 34. Re3 Ke7 35. Re1 Rb7 36. Red1 Ke8 37. R1d4 Ke7 38. Kf3 Ke8 39. h3 Ke7
40. Ke3 Ke8 41. Kf3 Rc8 42. Ra6 a4 43. c3 Ke7 44. a3 Rcb8 45. Rdd6 Kf8 46. Kg4
Rc7 47. Kg5 Kg7 48. h4 Rcb7 49. Rac6 Rh8 50. Rb6 Rhb8 51. Rbc6 Rh8 52. g4 Rhb8
53. Ra6 Rh8 54. Rab6 Rhb8 55. Rxb7 Rxb7 56. Rd8 Rc7 57. h5 gxh5 58. gxh5 Rc5
59. h6+ Kh7 60. Rf8 Rc7 61. Kf6 1-0

[Event "XXIII Festival A"]
[Site "Porto San Giorgio ITA"]
[Date "2011.08.23"]
[Round "3"]
[White "Suppa, Ercole"]
[Black "Dvirnyy, Danyyil"]
[Result "0-1"]
[WhiteElo "2123"]
[BlackElo "2436"]
[PlyCount "34"]
[EventDate "2011.08.21"]

1. d4 Nf6 2. Nf3 g6 3. Nc3 d5 4. e3 Bg7 5. Bd3 O-O 6. O-O Bg4 7. h3 Bxf3 8.
Qxf3 c6 9. Ne2 Nbd7 10. e4 e5 11. exd5 Nxd5 12. c3 exd4 13. cxd4 Re8 14. Bd2
Qb6 15. Rab1 Bxd4 16. Qg4 Ne5 17. Qh4 Bxf2+ 0-1

[Event "XXIII Festival A"]
[Site "Porto San Giorgio ITA"]
[Date "2011.08.23"]
[Round "3"]
[White "Suvrajit, Saha"]
[Black "Zamengo, Fulvio"]
[Result "1/2-1/2"]
[WhiteElo "2362"]
[BlackElo "2007"]
[PlyCount "93"]
[EventDate "2011.08.21"]

1. d4 Nf6 2. Nf3 d5 3. c4 c6 4. e3 Bf5 5. Qb3 Qb6 6. c5 Qc7 7. Nc3 Nbd7 8. Nh4
Bg6 9. g3 e5 10. Nxg6 hxg6 11. Bg2 e4 12. Bd2 g5 13. Qc2 Be7 14. b4 Nh5 15.
O-O-O b5 16. f3 f5 17. g4 Nhf6 18. gxf5 Rxh2 19. Be1 exf3 20. Rxh2 Qxh2 21.
Bxf3 Qxc2+ 22. Kxc2 O-O-O 23. e4 dxe4 24. Nxe4 g4 25. Nxf6 gxf3 26. Nxd7 Rxd7
27. Kd3 Bg5 28. Bf2 Re7 29. Rg1 Bf4 30. Re1 Kd7 31. Re4 Rxe4 32. Kxe4 Bd2 33.
a3 a5 34. bxa5 Bxa5 35. Kxf3 Bc3 36. Ke4 Bb2 37. Bg3 Bc1 38. Be5 Bxa3 39. Bxg7
Ke7 40. Be5 b4 41. Kd3 b3 42. d5 Kd7 43. Bd4 cxd5 44. f6 Ke6 45. Kc3 Bxc5 46.
Kd3 Ba3 47. Kc3 1/2-1/2

[Event "XXIII Festival A"]
[Site "Porto San Giorgio ITA"]
[Date "2011.08.23"]
[Round "3"]
[White "Tomasini, Giovanni"]
[Black "Maddaloni, Giovanni"]
[Result "1-0"]
[WhiteElo "1982"]
[BlackElo "1801"]
[PlyCount "87"]
[EventDate "2011.08.21"]

1. e4 c5 2. Nf3 d6 3. d4 cxd4 4. Nxd4 Nf6 5. Nc3 g6 6. Bc4 a6 7. a4 Qc7 8. Bb3
Nc6 9. Bg5 Bg7 10. Nxc6 bxc6 11. O-O O-O 12. a5 Be6 13. Bxe6 fxe6 14. Bd2 Rab8
15. e5 Nd5 16. f4 Rxb2 17. Ne4 Qa7+ 18. Kh1 Ne3 19. Bxe3 Qxe3 20. Ng5 Rxf4 21.
Re1 Qf2 22. Re2 Qd4 23. Nxe6 Qxd1+ 24. Rxd1 Rfb4 25. exd6 exd6 26. g3 Rb1 27.
Red2 Rxd1+ 28. Rxd1 Be5 29. Rf1 Bg7 30. Nd8 Rc4 31. Rf2 d5 32. Re2 Bc3 33. Re8+
Kg7 34. Nb7 Re4 35. Rc8 Re1+ 36. Kg2 Re2+ 37. Kf3 Rxc2 38. Rxc6 d4 39. Rxa6
Rxh2 40. Nc5 Rh5 41. Ra7+ Kh6 42. Ne6 Rd5 43. g4 g5 44. Nf8 1-0

[Event "XXIII Festival A"]
[Site "Porto San Giorgio ITA"]
[Date "2011.08.23"]
[Round "3"]
[White "Tortolini, Francesco"]
[Black "Reif, Werner"]
[Result "1-0"]
[WhiteElo "1918"]
[BlackElo "1848"]
[PlyCount "83"]
[EventDate "2011.08.21"]

1. e4 c6 2. d4 d5 3. Nc3 dxe4 4. Nxe4 Bf5 5. Ng3 Bg6 6. Nf3 e6 7. h4 h6 8. h5
Bh7 9. Bd3 Bxd3 10. Qxd3 Qa5+ 11. Bd2 Bb4 12. c3 Bd6 13. Ne4 Qc7 14. Nxd6+ Qxd6
15. O-O-O Nf6 16. c4 Nbd7 17. Kb1 O-O 18. Bc3 a6 19. Ne5 Nxe5 20. dxe5 Qxd3+
21. Rxd3 Ne4 22. Bd4 c5 23. Rh4 cxd4 24. Rxe4 Rac8 25. Rexd4 Rc5 26. f4 Rfc8
27. Rd8+ Kh7 28. Rxc8 Rxc8 29. b3 b5 30. cxb5 axb5 31. Kb2 Rc7 32. Rd4 f6 33.
Re4 f5 34. Rd4 g5 35. g3 gxf4 36. gxf4 Rg7 37. a4 bxa4 38. bxa4 Rg2+ 39. Kb3
Rh2 40. a5 Rxh5 41. a6 Rh1 42. a7 1-0

[Event "XXIII Festival A"]
[Site "Porto San Giorgio ITA"]
[Date "2011.08.23"]
[Round "3"]
[White "Varvaglione, Antonio"]
[Black "White, Kevin D."]
[Result "1-0"]
[WhiteElo "1936"]
[BlackElo "2104"]
[PlyCount "89"]
[EventDate "2011.08.21"]

1. e4 Nf6 2. e5 Nd5 3. d4 d6 4. c4 Nb6 5. exd6 exd6 6. b3 Be7 7. Bd3 Bf6 8. Ne2
Nc6 9. Be3 O-O 10. O-O Re8 11. Qd2 Bg4 12. f3 Bh5 13. Nbc3 Bg6 14. Bxg6 hxg6
15. Ne4 d5 16. Nxf6+ Qxf6 17. c5 Nc8 18. Nc3 N8e7 19. Rfe1 Qe6 20. Bg5 Qd7 21.
Bxe7 Nxe7 22. Re5 f6 23. Re2 c6 24. Rae1 Nf5 25. Qf4 Rxe2 26. Rxe2 Kf7 27. g4
Nh4 28. Kf2 g5 29. Qg3 Ng6 30. Re3 Nf4 31. Ne2 Qc7 32. h4 b6 33. hxg5 fxg5 34.
Kf1 bxc5 35. Re5 cxd4 36. Rxg5 Ne6 37. Rf5+ Kg8 38. Qxc7 Nxc7 39. Nxd4 c5 40.
Nc6 g6 41. Rf6 Kg7 42. Rd6 Rf8 43. Ne5 g5 44. Rg6+ Kh7 45. Rc6 1-0

[Event "XXIII Festival A"]
[Site "Porto San Giorgio ITA"]
[Date "2011.08.23"]
[Round "3"]
[White "Vezzosi, Paolo"]
[Black "Di Lascio, Savino"]
[Result "1-0"]
[WhiteElo "2355"]
[BlackElo "1982"]
[PlyCount "97"]
[EventDate "2011.08.21"]

1. e4 c6 2. d4 d5 3. Nd2 dxe4 4. Nxe4 Nf6 5. Nxf6+ gxf6 6. c3 Bf5 7. Nf3 Nd7 8.
g3 Nb6 9. Bg2 Qd7 10. O-O h5 11. a4 Bg4 12. a5 Nc8 13. a6 b5 14. b3 h4 15. Be3
hxg3 16. fxg3 e6 17. Qe2 Ne7 18. Bf2 Bg7 19. c4 Rb8 20. Rfd1 f5 21. Qe1 Qc7 22.
Rac1 bxc4 23. bxc4 Bh6 24. Rc3 Qa5 25. Ra1 Qc7 26. Ne5 Bg7 27. Nxg4 fxg4 28.
Qe4 Nf5 29. Qxc6+ Qd7 30. Rd3 Rb2 31. Rad1 Ke7 32. Qxd7+ Kxd7 33. d5 Rxf2 34.
dxe6+ Kxe6 35. Kxf2 Rxh2 36. Kg1 Rh8 37. Bd5+ Ke7 38. Re1+ Kf8 39. Re4 Rh6 40.
Rxg4 Rxa6 41. c5 Ra1+ 42. Kf2 Nh6 43. Rc4 Be5 44. c6 Bc7 45. g4 f5 46. gxf5
Nxf5 47. Rf3 Ra2+ 48. Kf1 Ra1+ 49. Ke2 1-0

[Event "XXIII Festival A"]
[Site "Porto San Giorgio ITA"]
[Date "2011.08.23"]
[Round "3"]
[White "Viviani, Alessio"]
[Black "Sorbera, Giovanni"]
[Result "1-0"]
[WhiteElo "1958"]
[BlackElo "2197"]
[PlyCount "59"]
[EventDate "2011.08.21"]

1. d4 Nf6 2. c4 g6 3. Nf3 Bg7 4. g3 d5 5. cxd5 O-O 6. Bg2 Nxd5 7. O-O Nc6 8. e3
b6 9. e4 Nf6 10. d5 Na5 11. Nc3 Bb7 12. b4 Nc4 13. Qe2 b5 14. Nxb5 Nxe4 15.
Qxe4 Bxd5 16. Qb1 e5 17. Rd1 e4 18. Nfd4 c5 19. bxc5 Qe7 20. c6 Rab8 21. Bf4
Rb6 22. Qc2 Bxd4 23. Nxd4 Rb2 24. Qc3 f5 25. h4 h6 26. Bxh6 Rxf2 27. Kxf2 f4
28. Bg5 Qe5 29. gxf4 Qf5 30. Nxf5 1-0

[Event "XXIII Festival A"]
[Site "Porto San Giorgio ITA"]
[Date "2011.08.23"]
[Round "3"]
[White "Voltolini, Giuseppe"]
[Black "Pierantozzi, Stanislao"]
[Result "1/2-1/2"]
[WhiteElo "2229"]
[BlackElo "1971"]
[PlyCount "21"]
[EventDate "2011.08.21"]

1. d4 Nf6 2. c4 e6 3. Nc3 Bb4 4. e3 c5 5. Bd3 Nc6 6. Nge2 O-O 7. O-O d6 8. a3
Bxc3 9. Nxc3 cxd4 10. exd4 h6 11. Be3 1/2-1/2